La philosophie morale de Saint Thomas devant la pensée contemporaine
שמור ב:
| מחבר ראשי: | |
|---|---|
| פורמט: | ספר |
| שפה: | צרפתית |
| יצא לאור: |
Lovaina
Publications Universitaires
1955
|
| סדרה: | Bibliothèque Philosophique de Louvain
|
| נושאים: | |
| תגים: |
הוספת תג
אין תגיות, היה/י הראשונ/ה לתייג את הרשומה!
|
MARC
| LEADER | 00000nam a2200000 a 4500 | ||
|---|---|---|---|
| 001 | UCZ4850 | ||
| 003 | CL-VaPUC | ||
| 008 | 951110e19550000BE |||||||||||||||||fre|d | ||
| 082 | 0 | 4 | |a 189.4 |b LEC |2 21 |
| 100 | |a Leclercq, Jacques |e author |9 581394 | ||
| 245 | 1 | 3 | |a La philosophie morale de Saint Thomas devant la pensée contemporaine |
| 300 | |a 469 p | ||
| 942 | |c BK | ||
| 945 | |d 19951110 00:00:00 |a lriquelm | ||
| 260 | |a Lovaina |b Publications Universitaires |c 1955 | ||
| 600 | 0 | |a Tomás de Aquino |d 1220-1274 |c Santo |9 255832 | |
| 650 | 0 | |a Escolasticismo |9 264998 | |
| 650 | 0 | |a Filosofía cristiana |9 265980 | |
| 650 | 0 | |a Tomismo |9 259214 | |
| 650 | 0 | |a Teología |9 258766 | |
| 650 | 0 | |a Ética |9 255099 | |
| 650 | 0 | |a Conceptos morales |9 310606 | |
| 650 | 7 | |a ORDEN MORAL |2 CL-VaPUC |9 334570 | |
| 583 | |a last modification |c 19951110 00:00:00 |k Rodrigo Vera | ||
| 490 | 0 | |a Bibliothèque Philosophique de Louvain | |
| 999 | |c 241213 |d 241211 | ||
| 952 | |0 0 |1 0 |4 0 |6 189_400000000000000_LEC_1955 |7 0 |8 P |9 253403 |a BIBEDU |b BIBEDU |c BIBEDU_PB |d 2019-11-19 |i 1572296 |o 189.4 LEC 1955 |p 1572296 |r 2024-01-25 |w 2019-11-19 |y BK |k FIL | ||